Participants' awareness of satisfaction with and compliance to the stewardship agreement of the integrated social forestry program in Ilocos Norte (Record no. 9603)
[ view plain ]
| 000 -LEADER | |
|---|---|
| fixed length control field | 00653nam a22001697a 4500 |
| 003 - CONTROL NUMBER IDENTIFIER | |
| control field | OSt |
| 005 - DATE AND TIME OF LATEST TRANSACTION | |
| control field | 20171010095451.0 |
| 008 - FIXED-LENGTH DATA ELEMENTS--GENERAL INFORMATION | |
| fixed length control field | 120626t xxu||||| |||| 00| 0 eng d |
| 040 ## - CATALOGING SOURCE | |
| Original cataloging agency | MMSU |
| Transcribing agency | ULS |
| 100 ## - MAIN ENTRY--PERSONAL NAME | |
| Personal name | Pascua, Releah, H. |
| 9 (RLIN) | 10751 |
| 245 ## - TITLE STATEMENT | |
| Title | Participants' awareness of satisfaction with and compliance to the stewardship agreement of the integrated social forestry program in Ilocos Norte |
| Statement of responsibility, etc. | Releah H. Pascua |
| 260 ## - PUBLICATION, DISTRIBUTION, ETC. | |
| Date of publication, distribution, etc. | 2008 |
| 300 ## - PHYSICAL DESCRIPTION | |
| Extent | xiv, 90 leaves |
| Dimensions | 28 cm. |
| 500 ## - GENERAL NOTE | |
| General note | Thesis (BS Forestry) -- Mariano Marcos State University-College of Agriculture & Forestry, Batac City |
| 504 ## - BIBLIOGRAPHY, ETC. NOTE | |
| Bibliography, etc. note | Bibliography: leaves 77-79 |
| 942 ## - ADDED ENTRY ELEMENTS (KOHA) | |
| Source of classification or shelving scheme | |
| Koha item type | Thesis/Dissertation |
| Withdrawn status | Lost status | Source of classification or shelving scheme | Damaged status | Not for loan | Home library | Current library | Date acquired | Total Checkouts | Barcode | Date last seen | Price effective from | Koha item type | Public note |
|---|---|---|---|---|---|---|---|---|---|---|---|---|---|
| REF | REF | 06/26/2012 | 3438-Un | 10/10/2017 | 10/10/2017 | Thesis/Dissertation | Library Use only |